[Event "FIDE World Cup"]
[Site "Tbilisi"]
[Date "2017.09.06"]
[Round "2.1"]
[White "Vachier Lagrave, Maxime"]
[Black "Grachev, Boris V"]
[Result "1-0"]
[WhiteElo "2804"]
[BlackElo "2654"]
[Annotator "Szabo,Kr"]
[PlyCount "79"]
[EventDate "2017.09.03"]
[EventType "k.o."]
[EventRounds "7"]
[EventCountry "GEO"]
[SourceTitle "CBM 181"]
[Source "ChessBase"]
[SourceDate "2017.11.10"]
[SourceVersion "1"]
[SourceVersionDate "2017.11.10"]
[SourceQuality "1"]

1. e4 c5 2. Nf3 Nf6 3. Nc3 (3. e5 {is the other main line.}) 3... d5 4. e5 ({
Last year Vachier played} 4. exd5 Nxd5 5. Bc4 Nb6 6. Bb5+ Bd7 7. a4 e6 8. O-O
Be7 9. d3 O-O 10. Re1 a6 11. Bxd7 N6xd7 12. Ne4 Nc6 13. c3 Rc8 14. Bf4 Nf6 $11
{(Vachier Lagrave-Grandelius, Stavanger 2016) with a balanced position; later
White managed to win.}) 4... Nfd7 5. e6 {A tempting move, but I'm not sure
that this is so good.} (5. Nxd5 {is the most common variation.}) 5... fxe6 6.
Bb5 Nc6 (6... a6 $5 {was an interesting alternative,} 7. Bxd7+ Bxd7 8. O-O (8.
Ne5 g6 9. Qf3 Qc7 10. Qf7+ Kd8 $17 {and Black is safe, he is a pawn up.}) 8...
Nc6 9. d4 cxd4 10. Nxd4 g6 {and it is not clear whether has White compensation
for the pawn.}) 7. O-O g6 8. Qe2 Bg7 9. Qxe6 Nb6 $2 {This is a mistake. Black
sacrifices the c6- and c5-pawns; he hopes that he will have some compensation
with the bishop pair.} (9... Nde5 $1 {was correct,} 10. Qxd5 Qxd5 11. Nxd5
Nxf3+ 12. gxf3 Kf7 $44 {and Black's pieces are active, he has enough
compensation for the pawn.}) 10. Bxc6+ bxc6 11. Qxc6+ Bd7 12. Qxc5 {White
accepts the offer.} d4 ({In the event of} 12... Rc8 13. Qe3 O-O 14. h3 $5 {
Black has some pressure, but White should be slightly better with the two
pawns up.} (14. d4 $14)) 13. Ne4 ({The greedy} 13. Nxd4 $2 {could have been
met by} Rc8 14. Qb4 Rc4 $15 {and Black wins the knight.}) 13... Rc8 14. Qa3 O-O
(14... Rxc2 {gets back a pawn, but} 15. d3 $16 O-O $2 {does not work, as after}
16. Qb3+ $18 {the c2-rook is lost.}) 15. d3 h6 (15... Rxf3 $5 {was tempting,
but} 16. gxf3 Nd5 17. Re1 $16 {and it is not easy to continue the attack for
Black.}) 16. Re1 Kh7 17. c4 $1 {A good move, which solves the weakness of the
c2-pawn.} dxc3 18. Nxc3 Bc6 19. Qxe7 ({Probably} 19. Rxe7 $1 {was the
strongest, but the text move is the human reply - to exchange the queens.} Bxf3
20. Qxa7 $1 Qxe7 21. Qxe7 Rce8 22. Qxe8 Rxe8 23. Be3 $18 {and finally White is
winning.}) 19... Bxf3 20. gxf3 Rc7 $6 {A dubious reply.} (20... Rxf3 {was more
accurate,} 21. Qxd8 Rxd8 22. Re7 $14 {also slightly better for White, but
still this is a long fight.}) 21. Qxd8 Rxd8 22. Bf4 Rf7 23. Be3 Bxc3 (23...
Rxd3 24. Red1 $16 {with a clearly better position for White.}) 24. bxc3 Rxd3
25. Bd4 Nd5 (25... Rdxf3 26. Re8 Rf8 27. Rae1 $16 {is also unpleasant for
Black.}) 26. Rad1 Rdxf3 27. c4 Nb4 28. Rd2 (28. Re8 $16 {was also fine.}) 28...
R3f4 29. Re8 g5 ({In the event of} 29... Rf8 30. Rxf8 Rxf8 31. Bc3 $18 {
is also hopeless for Black.}) 30. Be5 $1 {This is the strongest reaction!} Rg4+
(30... Rxc4 31. Rd6 $1 $18 {and the black king is in a mating net.}) 31. Kf1
Nc6 (31... Rxc4 {is the same as in the previous analysis,} 32. Rd6 $1 $18 {
followed by Rh8 mate.}) 32. Bb2 $1 {The best square for the B.} (32. Ba1 $2 {
could have been met by} Rxc4 33. Rd6 $2 Rc1+ {.}) 32... Rgf4 (32... Rxc4 33.
Rd6 $1 $18) 33. Rh8+ Kg6 34. Rd6+ Kf5 (34... Kh5 {is also losing, because} 35.
Rhxh6+ Kg4 36. h3+ $1 Kf3 37. Rd3+ Ke4 38. Re3+ Kf5 39. Rxc6 $18 {and finish.})
35. Rxc6 Kg4 36. h3+ $1 {A nice intermediate move.} Kxh3 37. Rhxh6+ Kg4 38.
Rhf6 Rb7 39. Be5 Kf3 40. Bxf4 (40. Bxf4 Rb1+ 41. Bc1+ $18 {and check! Great
technique by Vachier Lagrave!}) 1-0

[Event "FIDE World Cup"]
[Site "Tbilisi"]
[Date "2017.09.08"]
[Round "2.4"]
[White "Najer, Evgeniy"]
[Black "Vitiugov, Nikita"]
[Result "1-0"]
[WhiteElo "2707"]
[BlackElo "2724"]
[Annotator "Ftacnik,L"]
[PlyCount "107"]
[EventDate "2017.09.03"]
[EventType "k.o."]
[EventRounds "7"]
[EventCountry "GEO"]
[SourceTitle "CBM 181"]
[Source "ChessBase"]
[SourceDate "2017.11.10"]
[SourceVersion "1"]
[SourceVersionDate "2017.11.10"]
[SourceQuality "1"]

1. e4 c5 2. Nf3 a6 3. c3 e6 4. d4 d5 5. exd5 Qxd5 6. Be2 Nf6 7. O-O Be7 8. Be3
cxd4 9. cxd4 Nc6 10. Nc3 Qd6 11. Qd2 {Vitiugov has managed to land in a
position, in which his very early 2...a6 is actually a useful move.} (11. Rc1
O-O 12. Qd2 b6 13. Rfd1 Nb4 14. Bf4 Qd8 15. Ne5 Bb7 16. Bc4 Nbd5 17. Bg3 Nxc3
18. Qxc3 Ne4 19. Qd3 Nxg3 20. hxg3 Qd6 21. Bb3 b5 22. a4 {1/2-1/2 (22) Suetin,
A (2535)-Polovodin,I (2355) Moscow (Russia) 1979}) (11. Nd2 {There are only
two ways of trying to exploit the location of the queen on d6 to gain a tempo.
The knight gets rerouted as it will force the lady from her good location.} Nd5
(11... Nb4 12. Nc4 (12. Nde4 Nxe4 13. Nxe4 Qd8 14. Nc3 O-O 15. Bf3 {1/2-1/2 
(15) Ciric,D-Taimanov,M Rostov on Don (Russia) 1961}) 12... Qd8 13. Qb3 (13.
Bf3 Nbd5 14. Bg5 O-O 15. Qb3 Rb8 16. Rad1 b5 17. Ne5 Bb7 18. Bxf6 Bxf6 19. Nxd5
exd5 20. Ng4 Bg5 21. Ne3 Bxe3 22. Qxe3 $14 {1-0 (68) Gufeld,E-Taimanov,M
Leningrad (Russia) 1963}) 13... Nbd5 14. Bf3 b5 15. Ne5 Bb7 16. Nxb5 Rb8 17.
Nc3 O-O 18. Nxd5 Bxd5 19. Qc2 Bxf3 20. Nxf3 Nd5 21. Rfc1 $14 {1/2-1/2 (27)
Balogh,C (2359)-Csom,I (2478) Budapest 2000}) (11... O-O 12. Nc4 Qd8 13. Bf3
Nd5 14. Nxd5 exd5 15. Bxd5 Qxd5 16. Nb6 Qe4 17. Nxa8 Bg4 18. Qe1 Qg6 19. f3 Bf5
20. Nb6 $16 {1-0 (30) Sax,G (2600)-Fernandes,A (2440) Debrecen 1992}) (11...
Qd8 12. Bf3 Nd5 13. Nxd5 exd5 14. Qb3 Be6 {1/2-1/2 (14) Yu,S (2535)-Csom,I 
(2464) Budapest 2000}) 12. Nde4 Qd8 13. Nxd5 exd5 14. Nc5 O-O 15. Rc1 f5 $5 16.
Nd3 (16. g3 f4 17. Bxf4 Rxf4 18. gxf4 Bd6 $13) 16... Bd6 17. f4 $6 (17. Bf3 f4
18. Bd2 Be6 (18... Nxd4 19. Bxd5+ Kh8 20. Rc4 $1 Ne6 21. Qh5 $16) 19. Bc3 Qf6
20. Re1 $14) 17... Qb6 18. Kh1 Be6 19. Qd2 Rfe8 20. Ne5 Rac8 21. a3 $11 {
1/2-1/2 (39) Leko,P (2731)-Morozevich,A (2724) Moscow 2014}) 11... O-O {
Black has to castle at some stage and this move leaves open different ways of
building up the defence.} (11... Nd5 12. Nxd5 Qxd5 13. Ne5 Nxe5 14. dxe5 Qxd2
15. Bxd2 Bd7 16. Bf3 Rb8 17. Rfc1 b6 18. Rc7 Bc5 19. b4 Bd4 20. Re1 Bb5 21. Re4
$16 {1-0 (44) Rios,C (2403)-Zuluaga Mancilla,C (2326) Caldas 2011}) 12. Bf4 (
12. Rfd1 Nb4 13. Ne5 Nbd5 14. Bf3 b5 15. a4 Bd7 16. Bf4 Rad8 17. Bg3 Qb6 18.
Nxd5 Nxd5 19. Bxd5 exd5 20. axb5 Bxb5 $11 {1/2-1/2 (60) Videki,S (2385)-Csom,I
(2475) Kecskemet 1993}) 12... Qd8 13. Rfd1 (13. a3 b5 14. Rac1 Bb7 15. Rfd1 Rc8
16. Bd3 Na5 17. Qe2 Nb3 18. Rb1 g6 19. Be5 Qd7 $11 {0-1 (53) Muzychuk,M (2529)
-Ju,W (2568) Beijing 2014}) 13... Nb4 {The importance of the blockading square
d5 is undeniable in positions with an isolated central pawn.} 14. Ne5 (14. Rac1
Nbd5 15. Be3 b5 16. Ne5 Bb7 17. Bf3 Nxc3 18. Qxc3 Bxf3 19. Nxf3 Qd5 20. a3 Qb7
21. Qc6 Qxc6 22. Rxc6 Nd5 $11 {1/2-1/2 (56) Smirnov,T (2288)-Potapov,P (2492)
Moscow 2016}) 14... Nfd5 (14... Nbd5 15. Bf3 Bd7 16. Bg5 Bc6 17. Rac1 Rc8 18.
h3 h6 19. Bh4 Re8 20. a3 Qb6 21. Bxf6 Bxf6 22. Nxd5 exd5 23. Nxc6 bxc6 $11 {
0-1 (44) Neelotpal,D (2463)-Zhang,Z (2645) Doha 2016}) 15. Bf3 {Najer is
following a very sensible strategy of developing all the pieces towards the
centre with maximum impact.} f6 (15... Nxf4 16. Qxf4 Bf6 17. Qe4 $14) 16. Nd3
Nc6 (16... Nxd3 17. Nxd5 exd5 18. Qxd3 Be6 19. Qe3 Bf7 20. Rac1 $14) 17. Be3 (
17. Nxd5 exd5 18. Qc3 g5 19. Be3 $14) 17... Nxe3 {Deciding the best way of
playing this position was leaving Vitiugov with a difficult choice as White
keeps some pull everywhere.} 18. fxe3 f5 (18... e5 19. dxe5 fxe5 20. Qe2 Qe8
21. Rac1 $14) 19. Rac1 {White will abstain from taking the knight on c6 due to
the presence of the bishop pair in Black's hands. Despite everything it seems,
that the position would clearly favour the first player.} (19. Bxc6 $5 bxc6 20.
Na4 Bd6 21. Ne5 $16) 19... Bg5 (19... Qd6 20. Ne2 Nb4 $14) 20. Qf2 (20. Ne2 Ne7
21. Ne5 $16) 20... Kh8 21. Ne2 (21. Bxc6 bxc6 22. Ne5 $16) 21... Bh4 22. g3 Bf6
23. a3 {At this part of the game the computer is delighted by the idea of
restricting the black kingside with h4 and obtaining an advantage.} (23. h4 Qd6
24. Bxc6 bxc6 25. Qf4 $16) 23... Rb8 24. Nc5 $6 (24. h4 $1 a5 25. Bxc6 bxc6 26.
Nef4 $16) 24... Qe7 {The justification for Black is hidden in the timely
advance of the g-pawn with equal chances.} (24... g5 $1 25. Kh1 Qe7 26. Nc3 Nd8
$11) 25. Nf4 Nd8 (25... a5 26. Bg2 Rd8 27. d5 $1 $16) 26. d5 {Najer feels,
that with all pieces on good locations he should try to make progress with a
pawn advance. Black relies on his bishop pair for counterplay.} (26. e4 $5 b6
27. Ncd3 (27. e5 bxc5 28. exf6 Qxf6 29. Rxc5 Nf7 30. b4 $14) 27... fxe4 28.
Bxe4 Nf7 29. Nb4 $14) 26... b6 (26... Be5 27. Qd2 exd5 28. Nxd5 Qd6 29. Qe2 $14
) 27. d6 Qf7 28. Ncd3 $6 {The position is original to the utmost. So it is no
wonder that both very strong players are floundering around without clear
reference to the quality of chosen moves.} (28. Na4 Bd7 29. Rc7 Qe8 30. b3 $11)
28... e5 29. Rc7 Qb3 $2 {Analysing with the help of modern engines can turn
complicated games into a comedy of errors.} (29... Qe8 30. Nd5 e4 31. Re7 Qc6
32. Nxf6 Qxd6 33. Re8 $11) (29... Bd7 $5 30. Bd5 Qe8 31. Ng2 a5 $15) 30. d7 $6
{Najer returns the compliment with a mistake of his own.} (30. Nc1 $1 Qa4 31.
Nd5 e4 32. Bh5 Be5 33. Nf4 $16) 30... Bb7 31. Nc1 Qa4 (31... Qf7 $1 32. Bd5 Qe7
33. Bxb7 exf4 34. Bxa6 fxe3 35. Qc2 Ra8 $11) 32. Nd5 e4 33. Nxf6 $2 {High
tension in the position is not helping either player to get a peaceful
overview of the situation.} (33. Bh5 $1 Be5 34. Qc2 Qxc2 35. Rxc2 g6 36. Be2
$16) 33... exf3 34. Rd4 Qb5 $2 {It would be unjust to be harsh on Vitiugov for
this mistake. The computer engine helps to understand that the different queen
retreat was a better choice.} (34... Qa5 $1 35. Ne8 Ne6 36. Nd3 Nxd4 (36...
Nxc7 37. Nxc7 Rfd8 38. Ne6 $16) 37. exd4 Rd8 38. Rxb7 Qd5 39. Rc7 Rxd7 40. Ne5
Qxe5 41. dxe5 Rd1+ 42. Qf1 Rxf1+ 43. Kxf1 Rxe8 44. Rc6 $11) 35. Ne8 $1 Ne6 36.
Nd6 Nxd4 37. Nxb5 Nxb5 38. Rc2 {White could have even decided to sacrifice the
exchange on c7 in order to make winning the d7-pawn back more complicated.} (
38. Qc2 $1 Be4 39. Qc4 Nxc7 40. Qxc7 Rbd8 41. Nb3 f4 42. gxf4 Bf5 43. Nd4 Rxd7
44. Qxb6 $16) 38... Nd6 (38... Rbd8 39. Rd2 Rf7 40. Nb3 Rdxd7 41. Rxd7 Rxd7 42.
Qc2 h6 43. Kf2 $16) 39. Nb3 (39. Qd2 Ne4 40. Qd4 f2+ 41. Kf1 a5 42. Qxb6 Nf6
43. Qa7 $18) 39... Rbd8 40. Rc7 Rf7 41. Nd4 Rfxd7 (41... Be4 42. Nxf3 Rfxd7 43.
Rxd7 Rxd7 44. Nd4 $18) 42. Rxd7 Rxd7 43. Nxf3 {The elimination of the f3-pawn
was crucial for the success of the position with queen against two pieces.} Ne4
(43... h6 44. Nd4 Rc7 45. Qf1 $16) 44. Qc2 g6 $6 {Opening up the access to the
black king is surely a concession, it definitely helps White to cash in on his
advantage.} (44... h6 45. Nd4 $16) 45. Nd4 (45. Ne5 Rd2 46. Qc7 Bd5 47. Qxb6
$18) 45... Kg7 (45... Nf6 46. Qc4 Nd5 47. Ne6 Kg8 48. Qd4 Kf7 49. Ng5+ Kg8 50.
Qe5 $18) 46. Qb3 Rd6 47. Qc4 Bd5 (47... Rd7 48. Qe6 Nf6 49. Qxb6 $18) 48. Qxa6
Kh6 49. Qc8 Kh5 $6 {Black is not happy with waiting tactics and tries a
kamikaze strategy of a king march. Unfortunately the chances for survival
become even smaller.} (49... Kg7 50. Qc7+ Kh6 51. Qe7 Rf6 52. Qd8 $18) 50. Qc7
(50. Qf8 Rf6 51. Qg7 Rf7 52. Qe5 $18) 50... h6 (50... Kh6 51. Qe7 $18) 51. a4 (
51. Qe7 Rf6 52. Qe5 Bc4 53. h3 $18) 51... Kg4 52. Nb5 Rc6 53. Qf4+ Kh3 54. Qh4#
1-0

[Event "FIDE World Cup"]
[Site "Tbilisi"]
[Date "2017.09.08"]
[Round "2.5"]
[White "Caruana, Fabiano"]
[Black "Lenic, Luka"]
[Result "1-0"]
[WhiteElo "2807"]
[BlackElo "2646"]
[Annotator "Roiz,M"]
[PlyCount "89"]
[EventDate "2017.09.03"]
[EventType "k.o."]
[EventRounds "7"]
[EventCountry "GEO"]
[SourceTitle "CBM 181"]
[Source "ChessBase"]
[SourceDate "2017.11.10"]
[SourceVersion "1"]
[SourceVersionDate "2017.11.10"]
[SourceQuality "1"]

1. e4 c5 2. Nf3 Nc6 3. Bb5 e6 4. O-O Nge7 5. d4 cxd4 6. Nxd4 Qb6 7. Nxc6 dxc6
8. Bc4 Ng6 {The players continue their theoretical discussion and enter once
more into a complex line in the Rossolimo.} 9. Kh1 $5 {A novelty. Fabiano's
move is aimed for an early advance of f-pawn.} ({The preceding battles saw} 9.
a4 Be7 10. Bb3 O-O 11. Be3 Qc7 12. f4 b6 13. Qe2 Bf6 (13... c5 $5) 14. c3 Bb7
15. a5 c5 16. Nd2 Rad8 17. g3 Rfe8 18. h4 $14 {Caruana,F - Lenic,L Tbilisi GEO
2017}) ({and} 9. Nd2 Qc7 10. a4 Bd6 11. Nf3 O-O 12. h3 b6 13. Qe2 a6 14. Re1
Ne5 15. Nxe5 Bxe5 16. c3 Bb7 $11 {Caruana,F - Lenic,L Tbilisi GEO 2017}) 9...
Qc7 ({GM Lenic rejects the natural} 9... e5 $5 10. Qf3 Qc7 11. Rd1 {Indeed,
this position looks scary, since Black's development is delayed.} ({The more
quiet} 11. Be3 $5 Bd6 12. Nd2 O-O 13. a4 {offers White a tiny advantage, but
Black's position is very solid.}) {However, after the cool-blooded} 11... Nf4
$1 12. Bxf4 exf4 13. e5 Qxe5 14. Qb3 Be7 $1 15. Bxf7+ Kf8 {Black should be
able to fully consolidate and equalise.}) 10. f4 Bd6 $1 {Provoking the e4-e5
advance is the best Black can do.} ({In the event of} 10... Be7 11. a4 O-O 12.
Nc3 $36 {White would obtain a powerful initiative on the kingside.}) 11. e5 ({
The alternative -} 11. g3 b6 12. Be3 (12. Qe2 Bb7 13. Nd2 O-O 14. Nf3 Rfd8 $132
) 12... Bb7 13. a4 O-O 14. Nd2 c5 {seems to offer Black adequate counterplay.})
11... Be7 12. Nc3 O-O $6 {This natural move turns out to be a serious mistake
- the king is now more vulnerable!} ({The correct move was} 12... b6 $1 13. Be3
(13. Qh5 Nh4 14. Ne4 g6 15. Qe2 Bb7 $132) 13... O-O 14. Qh5 Nh4 15. Bf2 Nf5 16.
Bd3 g6 17. Qe2 h5 $132) 13. Bd3 b6 14. a4 $6 {In his turn, Fabiano is
unnecesarily wasting time on prophylactic measures.} ({The correct course was} 
14. Rf3 $1 {and the rook's transfer to h3 practically forces Black to expose
the pawn structure:} f5 15. exf6 gxf6 16. Qe2 f5 17. Bc4 $14) 14... a6 $6 {
Another waste of tempi.} ({More to the point was} 14... Bb7 15. Qh5 c5 16. Be3
c4 17. Be4 Rad8 $11) 15. Be4 $6 {The psychological pressure is so significant,
that both players are committing many mistakes.} (15. Rf3 $1 {was again much
stronger:} Nh4 16. Rh3 g6 17. g3 Nf5 18. g4 Ng7 19. Be4 Bb7 20. Qe2 $14) 15...
Bb7 16. Be3 c5 {This natural move cannot be bad,} ({But a more precise one was
} 16... Rad8 $1 17. Qe2 c5 18. Bxb7 Qxb7 19. Rad1 Nh4 $11 {solving the problem
of the poor g6-knight.}) 17. g3 f5 $1 {An excellent decision, which enables
Black to activate most of his pieces.} 18. exf6 Bxf6 19. Qf3 Bxe4 20. Qxe4 Bxc3
{This exchange wasn't necessary.} (20... Rae8 $5 {was good enough:} 21. Rad1
Nh8 $1 22. Rd3 Nf7 23. Rfd1 Qc8 $11) 21. bxc3 Rae8 ({It makes sense to keep
the f8-spot vacant for the knight:} 21... Rfe8 $5 22. Rad1 Nf8 23. c4 Rad8 $11)
22. Rad1 Re7 ({More to the point was} 22... Rf7 23. Rf2 Nf8 $1 ({But not} 23...
Qb7 $6 24. Qxb7 Rxb7 25. Rd6 $14) 24. Rfd2 Rd7 $11 {neutralising the
opponent's pressure.}) 23. Rf2 Rd8 24. Rxd8+ Qxd8 25. Rd2 Qc7 $1 (25... Qc8 $6
{was inferior:} 26. Rd6 $16) 26. Qa8+ Kf7 27. Qxa6 Qb7+ 28. Qxb7 Rxb7 {White
is a pawn up, but the position is still about equal - there are too many
weaknesses in Fabiano's camp.} 29. a5 bxa5 30. Bxc5 Ne7 (30... e5 31. f5 Ne7
32. g4 h5 $11) 31. Rd8 Nd5 $2 {Only after this inaccuracy does Fabiano get a
visible advantage.} ({Both after} 31... h5 32. Ra8 Nf5 33. Rxa5 Rb2) ({or} 
31... Rc7 32. Bd6 Ra7 {Black wouldn't face any problems.}) 32. Bd4 $2 {Luckily
for Fabiano, this mistake didn't spoil all his advantage.} ({White should have
played} 32. Ra8 $1 Rb1+ (32... Nxc3 33. Rxa5 $16) 33. Kg2 Rc1 34. Ra7+ Ke8 35.
Bd4 Rxc2+ 36. Kh3 $16) 32... a4 $2 {Luka is returning the favour!} ({Instead,
he could have achieved a draw by means of} 32... Ne7 $1 33. Ra8 Nf5 34. Rxa5
Rb2 $11) 33. Ra8 {Now White is winning.} Rb1+ 34. Kg2 Rc1 35. Ra7+ ({But} 35.
Rxa4 {was also good enough:} Rxc2+ 36. Kh3 Nf6 37. Ra7+ Kg6 38. Re7 h5 39. Rxe6
$18) 35... Kg6 36. Rxg7+ Kh6 37. Ra7 ({A simpler way was} 37. Rg5 $1 Rxc2+ 38.
Kh3 $18 {but this time Fabiano doesn't spoil anything.}) 37... Nxc3 38. Kh3 Nb5
39. Rxa4 Rxc2 ({The most stubborn was} 39... Nxd4 40. Rxd4 Rxc2 41. Rd6 Re2 {
and then only} 42. g4 $1 {enables White to win the game:} ({But not} 42. f5 $2
Kg5 43. Rxe6 Rf2 44. g4 Ra2 45. f6 Kg6 $11 {and White is unable to proceed.})
42... Kg7 43. Rd7+ Kg6 44. Re7 h5 (44... Kh6 45. Kg3 Re3+ 46. Kf2 Re4 47. Kf3
Re1 48. h4 Kg6 49. h5+ Kh6 50. Kg3 $18) 45. g5 Re3+ 46. Kh4 Re4 47. Kg3 Re3+
48. Kf2 Re4 49. Kf3 Re1 50. Re8 $18) 40. Be5 $18 {Despite the limited material
advantage, White's task is easy.} Kg6 41. Ra6 Kf7 42. Rb6 Rc5 43. Rb7+ {
The second pawn falls.} Kg6 44. Rg7+ Kh6 45. Rg5 1-0